000 01181mam a2200337 a 4500
001 3310316
003 ARRUPE
005 20160422113950.0
008 020730s2002 nyua b 001 0 eng
010 _a 2002068316
020 _a041527995X
020 _a0415279968 (pbk.)
035 _a(OCoLC)ocm50447940
035 _a(NNC)3310316
040 _aDLC
_cDLC
_dNNC
_dOrLoB-B
050 0 0 _aG95
_b.A73 2002
082 0 0 _a910/.9/024
_221
100 1 _aArnold, David,
_d1946-
_924029
245 1 4 _aThe Age of Discovery, 1400-1600 /
_cDavid Arnold.
250 _a2nd ed.
260 _aNew York :
_bRoutledge,
_c2002.
263 _a0208
300 _axiv, 69 p. :
_bill. ;
_c22 cm.
490 1 _aLancaster pamphlets
504 _aIncludes bibliographical references and index.
505 0 0 _tThe Meaning of 'Discovery' --
_tEurope and the Wider World --
_tIn Search of Gold and Spices --
_tItaly --
_tPortugal and Spain --
_tMaritime Technology and Navigation --
_tAfrica --
_tAsia --
_tThe Americas --
_tDisease and Environmental Change.
650 0 _aDiscoveries in geography.
_924030
830 0 _aLancaster pamphlets.
_96010
900 _bTOC
942 _2lcc
_cMONOGRAPH
999 _c124679
_d124679